00325 a2200109 4500001001000000005001700010008004100027245005800068100002200126773005000148999001700198ART_4618020260410162053.0260409a 10aLa ley de protección del bosque nativo en Argentina1 aJuliá, Marta S.0 tPampag- Año 6, Nº 6 (nov. 2010)wREV46129 c36033d36033